| 000 | 00433nam a22001577a 4500 | ||
|---|---|---|---|
| 008 | 220117b2020 xxu||||| |||| 00| 0 eng d | ||
| 020 | _a9789673498307 | ||
| 082 | _a579 Tortora 33979 12th 2020 Microbiology | ||
| 100 |
_aJ. Tortora Gerard _940047 |
||
| 245 | _aMicrobiology: An Introduction | ||
| 250 | _a12th ed. | ||
| 260 |
_aMalaysia: _bPearson; _c2020. |
||
| 300 | _a955 p.; | ||
| 650 |
_aMicrobiology _941763 |
||
| 942 | _cBK | ||
| 999 |
_c15981 _d15980 |
||